000 00616nam a2200229 4500
003 OSt
005 20260601170959.0
008 260418b1969\\\\it\a||||\||||\00|\0\ita\d
040 _aICI
_bspa
_cICI
041 _aita
050 _aNX165
_bD658
100 1 _aGillo Dorfles
_d1910-
_931123
240 _a Artificio e natura
_lita
245 1 _aArtificio e natura
_cgillo dorfles
260 _aTorino
_bGiulio Einaudi
_c1968
264 _bGiulio Einaudi
_c1968
_aTorino :
300 _a252 páginas
336 _atexto
_2rdacontent
337 _asin medio
_2rdamedia
338 _avolumen
_2rdacarrier
942 _2ddc
_cB
999 _c19986
_d19986